00442nam a2200145Ia 450000500170000000800410001710000180005824500400007626000200011630000110013665000110014794200070015899900170016595201140018220260328104330.0260328s9999||||xx |||||||||||||| ||und|| aAllen, Cindy  0aBest of Residential /cCindy Allen bInterior Design a298 p. aDIBUJO cBK c11685d11685 001040708GENaGPCbGPCcGENd2026-03-28i5934l0o747 Al 568p5934r2026-03-28 15:43:30t1w2026-03-28yBK